Partidos y democracia
Guardat en:
| Autors principals: | , , |
|---|---|
| Format: | Llibre |
| Idioma: | espanyol |
| Publicat: |
Santiago
FLACSO
1985
|
| Matèries: | |
| Etiquetes: |
Afegir etiqueta
Sense etiquetes, Sigues el primer a etiquetar aquest registre!
|
MARC
| LEADER | 00000nam a2200000 a 4500 | ||
|---|---|---|---|
| 001 | UCP6580 | ||
| 003 | CL-VaPUC | ||
| 005 | 20230306153036.0 | ||
| 008 | 991029e19850000CL |||||||||||||||||spa|d | ||
| 999 | |c 284088 |d 284086 | ||
| 040 | |c Pontificia Universidad Católica de Valparaíso | ||
| 082 | 0 | 4 | |a 324.283 |b LEC |2 21 |
| 100 | |a Lechner, Norbert |e author |9 531832 | ||
| 245 | 1 | 0 | |a Partidos y democracia |
| 260 | |a Santiago |b FLACSO |c 1985 | ||
| 300 | |a 263 p | ||
| 583 | |a last modification |c 19991029 00:00:00 |k Rodrigo Vera | ||
| 600 | 0 | 7 | |a ALLAMAND, ANDRES |2 CL-VaPUC |9 435749 |
| 600 | 0 | 7 | |a ARRIAGADA HERRERA, GENARO |2 CL-VaPUC |9 435750 |
| 600 | 0 | 7 | |a BARAONA, PABLO |2 CL-VaPUC |9 435751 |
| 600 | 0 | 7 | |a GARRETON, MANUEL ANTONIO |2 CL-VaPUC |9 349973 |
| 600 | 0 | 7 | |a Lagos Escobar, Ricardo |d 1938- |9 859563 |
| 600 | 0 | |a Papi Beyer, Mario |d 1948-2012 |9 435752 | |
| 600 | 0 | 7 | |a SILVA CIMMA, ENRIQUE |2 CL-VaPUC |9 435753 |
| 600 | 0 | 7 | |a VALDES, GABRIEL |2 CL-VaPUC |9 424459 |
| 600 | 0 | 7 | |a VUSKOVIC, SERGIO |2 CL-VaPUC |9 435754 |
| 600 | 0 | 7 | |a YRARRAZAVAL, JUAN |2 CL-VaPUC |9 435755 |
| 650 | 0 | |a Partidos políticos |9 254999 | |
| 650 | 0 | |a Democracia |9 255256 | |
| 650 | 0 | |a Historia política |9 256974 | |
| 650 | 7 | |a REGIMEN MILITAR |2 CL-VaPUC |9 356963 | |
| 700 | 0 | |a Brunner, José Joaquín |e author |9 435747 | |
| 700 | 0 | |a Flisfisch, Angel |e author |9 435748 | |
| 852 | |a BIBCUR | ||
| 942 | |c BK |2 ddc | ||
| 945 | |d 19991029 00:00:00 |a crobeson | ||
| 952 | |0 0 |1 0 |4 0 |6 324_283000000000000_LEC_1985 |7 0 |8 A |9 327832 |a BIBHIS |b BIBHIS |d 2019-11-20 |i 1370685 |o 324.283 LEC 1985 |p 1370685 |r 2025-01-20 |w 2019-11-20 |y BK |k HIS | ||